Verbes forts allemand - Statistiques

Statistiques générales
  • Ce quiz a été pris 541 fois
  • Le résultat moyen est 8 sur 20
Statistiques - réponses
Français Prétérit % Correct
aller (en véhicule) fuhr
92%
allet (à pied) ging
74%
manger
59%
commencer begann
56%
donner gab
56%
trouver fand
48%
rester blieb
47%
apporter brachte
47%
casser, briser brach
46%
tomber fiel
43%
penser dachte
37%
fuir floh
31%
attraper, saisir fing
28%
offrir, proposer bot
25%
voler flog
24%
couler floss
19%
demander bat
15%
réussir gelang
14%
cuire au four backte (buk)
3%
inciter (à) bewog
3%
Aucun quiz correspondant
Distribution des résultats
% des personnes avec chaque résultat
Percentile par nombre de réponses
Votre historique - résultats
Vous n’avez pas pris ce quiz